Match the European City to Its Country – Click Quiz - Statistics

General Stats
  • This quiz has been taken 45 times
  • The average score is 11 of 20
Answer Stats
Hint Answer % Correct
Italy
97%
France
93%
Germany
93%
Monaco
83%
Liechtenstein
72%
Austria
69%
Netherlands
62%
Denmark
59%
Czech Republic
59%
Spain
55%
Estonia
52%
Ireland
48%
Slovakia
45%
Finland
38%
Sweden
38%
Portugal
34%
Switzerland
31%
Norway
28%
Latvia
24%
Belgium
24%
No matching quizzes found
Score Distribution
Percent of People with Each Score
Percentile by Number Answered
Your Score History
You have not taken this quiz